000 00406nam a22001577a 4500
005 20170530111524.0
008 170530b xxu||||| |||| 00| 0 eng d
020 _a978-0-07-070039-0
041 _aeng
100 _aBEISER, ARTHUR
_93859
245 _aFUNDAMENTALS OF PHYSICS WITH APPLICATIONS
250 _a5TH, 2016
260 _aNEW DELHI
_bMC GRAW HILL EDUCATION
_c2011
300 _aI.5
942 _cBK
999 _c5456
_d5454